Statistiques concernant Harry Potter: l'Equipe de Quidditch de Gryffondor

Cliquez ici pour prendre le quiz!

Statistiques générales

  • Ce quiz a été pris 96 fois
    (70 depuis la dernière actualisation)
  • Le résultat moyen est 16 sur 21

Statistiques - réponses

InformationRéponses% Correct
Batteur (HP1-HP5)Fred Weasley
98%
Batteur (HP1-HP5)George Weasley
98%
Capitaine (HP6)Harry Potter
98%
Attrapeur (HP1-HP6)Harry Potter
98%
Première apparitionHarry Potter à l'école des sorciers
98%
Gardien (HP1-HP3)Olivier Dubois
98%
Capitaine (HP1-HP3)Olivier Dubois
98%
Gardien (HP5-HP6)Ron Weasley
98%
Capitaine (HP5)Angelina Johnson
96%
Poursuiveuse (HP1-HP5)Angelina Johnson
96%
Dernière apparitionHarry Potter et le Prince de Sang-Mêlé
96%
Remplaçante attrapeuse/poursuiveuse (HP5-HP6)Ginny Weasley
95%
Poursuiveuse (HP1-HP6)Katie Bell
95%
Poursuiveuse (HP1-HP5)Alicia Spinnet
91%
Replaçant gardien (HP6)Cormac McLaggen
80%
Remplaçant poursuiveur (HP6)Dean Thomas
64%
Poursuiveuse (HP6)Demelza Robins
36%
Batteur (HP6)Jimmy Peakes
31%
Batteur (HP6)Ritchie Coote
31%
Remplaçant batteur (HP5)Jack Sloper
24%
Remplaçant batteur (HP5)Andrew Kirke
20%

Distribution des résultats

Percentile par nombre de réponses

% des personnes avec chaque résultat

Votre développement - résultats

Vous n’avez pas pris ce quiz depuis la dernière actualisation